| Tag |
First Indicator |
Second Indicator |
Subfields |
| LEADER |
00000cam a2200000 4500 |
| 001 |
in00000078481 |
| 005 |
20151008052820.0 |
| 008 |
720501s1946 nyu 00000 eng u |
| 010 |
|
|
|a 46000711
|
| 035 |
|
|
|a (OCoLC)00296786
|
| 035 |
|
|
|9 AAH5005AM
|
| 040 |
|
|
|c YNG
|d TXA
|d UtOrBLW
|
| 049 |
|
|
|a TXAM
|c [131485]
|
| 050 |
|
0 |
|a HD6971
|b .M57
|
| 092 |
|
|
|a 331.1
|b M653p
|
| 100 |
1 |
|
|a Millholland, Ray.
|
| 245 |
1 |
0 |
|a Pay day ;
|b labor and management in the American system of free enterprise /
|c by Ray Millholland.
|
| 264 |
|
1 |
|a New York :
|b W. Morrow & company,
|c 1946.
|
| 300 |
|
|
|a xii pages, 240 pages
|
| 336 |
|
|
|a text
|b txt
|2 rdacontent
|
| 337 |
|
|
|a unmediated
|b n
|2 rdamedia
|
| 338 |
|
|
|a volume
|b nc
|2 rdacarrier
|
| 650 |
|
0 |
|a Industrial relations.
|
| 999 |
|
|
|a MARS
|
| 999 |
f |
f |
|s 054e55ff-9186-3da3-a318-2c8017189582
|i d3ebaa5b-c129-3858-bd38-0ba9169cd6b2
|t 0
|
| 952 |
f |
f |
|p ric
|a Texas A&M University
|b Rellis Campus
|c Joint Library Facility
|d Remote Storage
|t 0
|e HD6971 .M57
|h Library of Congress classification
|i unmediated -- volume
|m A14800714096
|
| 998 |
f |
f |
|a HD6971 .M57
|t 0
|l Remote Storage
|